Costa Rica: unidad contra el FMI

Gespeichert in:
Bibliographische Detailangaben
Format: Text
Schlagworte:
Tags: Tag hinzufügen
Keine Tags, Fügen Sie den ersten Tag hinzu!

MARC

LEADER 00000 a a2200000 04500
001 44516
003
040
245 |a Costa Rica:   |b unidad contra el FMI  
650 |a SINDICALISMO  
650 |a MOVIMIENTOS SOCIALES  
650 |a LUCHAS SOCIALES  
650 |a PAISES EN DESARROLLO  
650 |a COOPERACION ECONOMICA  
650 |a ECONOMIA MUNDIAL  
773 |g volumen8, número58 (1984), Página. 918  
999 |c 23514  |d 23514 
773 0 |0 42391  |9 4223  |a Agencia Latinoamericana de Información, ALAI  |d Quito, Ecuador: ALAI  |o 04355  |t ALAI:  |x 08275564 (Servicio mensual de información y documentación)